| 000 | 00569nam a2200217Ia 4500 | ||
|---|---|---|---|
| 005 | 20251122105100.0 | ||
| 008 | 230125s9999 xx 000 0 und d | ||
| 020 | _a97893502331215 | ||
| 041 | _aeng | ||
| 082 |
_a158.1 _bRAN |
||
| 100 |
_aRangnekar S _9215500 |
||
| 245 | _aSoft Skills In Management | ||
| 250 | _a1st Ed. | ||
| 260 |
_c2012 _bShroff publisher and distributors _aMumbai |
||
| 300 | _a130p | ||
| 500 | _aPersonality Development | ||
| 650 | _aSoft skill;Personality Development | ||
| 700 |
_aRangnekar S _9215500 |
||
| 906 | _b56 | ||
| 942 | _cBK | ||
| 999 |
_c96278 _d96278 |
||